000 00483cam a2200181ua 4500
020 _c7.00
041 _amal
_h
082 _a028.73 001
_bKRI/MA
100 _aKrishna Warrier, N.V.
245 0 0 _aManavika sabdavali, Vol 1 /
_cN V Krishna Warrier.
_hTextual Documents
250 _a1 /
_b.
260 _aThiruvananthapuram :
_bState Instititute of Languages ,
_c1969.
300 _a332 ; .
365 _a7.00
942 _cBK
999 _c9879
_d9879